Aconteceu nas Berlengas (Registo nº 3907)

Detalhes MARC
000 -Etiqueta do registo
Cabeçalho 00446cam a2200181 i 4500
005 - Identificador da versão
Campo de controlo 20240813122048.0
100 ## - Dados gerais de processamento
Dados gerais de processamento 20101025d d y0pory5003 ba
102 ## - Pais de publicação ou produção
País de publicação Portugal
101 0# - Língua de publicação
Língua do texto, banda sonora, etc. Português
215 ## - Descrição física 
Indicação específica da natureza do documento e extensão da espécie 90 p.
200 1# - Titulo e menção de responsabilidade
Título próprio Aconteceu nas Berlengas
Primeira menção de responsabilidade Margarida Castel-Branco
225 1# - Colecção 
Título próprio da colecção Biblioteca da juventude. H. Viagens
Indicação de volume 4
205 ## - Menção da edição
Menção da edição 2ª ed.
210 ## - Publicação, Distribuição, etc. 
Lugar da edição, distribuição, etc. Lisboa
Nome do editor, distribuidor, etc. Editorial Verbo
Data da publicação, distribuição, etc. [197-?]
942 ## - Elementos de entrada adicionados (Koha)
Tipo de item no Koha Livro
Exemplares
Situação do levantamento Origin of item (home branch) (coded) Biblioteca de empréstimo Código de barras Cota Circulation type (not for loan) Tipo de documento Nota do exemplar Damaged status
  Biblioteca Escolar das Vendas Biblioteca Escolar das Vendas BEV249 8POR CAS   Livro Sem mensagem